Visualization of mathematical concepts using innovative technologies in education (Record no. 13678)
[ view plain ]
| 000 -LEADER | |
|---|---|
| fixed length control field | 00506nam a22001337a 4500 |
| 082 ## - DEWEY DECIMAL CLASSIFICATION NUMBER | |
| Classification number | MSITE-1 QUR |
| 100 ## - MAIN ENTRY--PERSONAL NAME | |
| Personal name | Aleena Hasan Qureshi |
| 9 (RLIN) | 98355 |
| 245 ## - TITLE STATEMENT | |
| Title | Visualization of mathematical concepts using innovative technologies in education |
| 260 ## - PUBLICATION, DISTRIBUTION, ETC. | |
| Place of publication, distribution, etc. | Islamabad |
| Name of publisher, distributor, etc. | NUST-SEECS |
| Date of publication, distribution, etc. | 2015 |
| 300 ## - PHYSICAL DESCRIPTION | |
| Extent | PV |
| Other physical details | 27cm. |
| Accompanying material | CD Includes |
| 500 ## - GENERAL NOTE | |
| General note | Supervisors: Dr. Sohail Iqbal, Ms. Manzil Maqsood, Dr. Muddassir Malik, Mr. Jaudat Mamoon |
| 856 ## - ELECTRONIC LOCATION AND ACCESS | |
| Uniform Resource Identifier | <a href="http://10.250.8.41:8080/xmlui/handle/123456789/6605">http://10.250.8.41:8080/xmlui/handle/123456789/6605</a> |
| 942 ## - ADDED ENTRY ELEMENTS (KOHA) | |
| Koha item type | Project Report |
| Source of classification or shelving scheme | |
| Withdrawn status | Lost status | Damaged status | Not for loan | Collection code | Permanent Location | Current Location | Shelving location | Date acquired | Source of acquisition | Total Checkouts | Full call number | Barcode | Date last seen | Price effective from | Koha item type | Source of classification or shelving scheme |
|---|---|---|---|---|---|---|---|---|---|---|---|---|---|---|---|---|
| Central Library (CL) | Central Library (CL) | General Stacks | 07/26/2016 | NUST-SEECS | MSITE-1 QUR | SEECSP01833 | 07/26/2016 | 07/26/2016 | Project Report | |||||||
| Central Library (CL) | Central Library (CL) | Thesis | 09/03/2019 | 005 | CL-T-3299 | 09/03/2019 | 09/03/2019 | Thesis | ||||||||
| Central Library (CL) | Central Library (CL) | Thesis | 12/19/2019 | 371.33 MSITE-1 QUR | CL-T-4297 | 12/19/2019 | 12/19/2019 | Thesis |
